000
00362nam a2200169Ia 4500
100
_a
Hurwitz/Judith/ Bloor/robin
650
_a
Cloud computing
942
_c
BK
366
_f
20
654
_a
cloud computing
245
_a
Cloud computing for dummies
260
_b
Wiley
_c
2010
082
_a
4.65
_b
HUR
300
_a
306
546
_a
ENGLISH
999
_c
18330
_d
18330